000 00887nam a22001937a 4500
999 _c8181
_d8181
003 AR-CdUCM
008 190322b ||||| |||| 00| 0 spa d
020 _a84-267-0392-5
040 _aMUNICIPALIDAD PROVINCIAL DEL CUSCO
_cBIBLIOTECA MUNICIPAL DEL CUSCO
082 _a537.534 /
_bB45
100 _aBianchi, Aldo N.
_923069
245 _aSistemas de ondas guiadas /
260 _aBarcelona :
_bMarcombo,
_c1980.
300 _a308 paginas ;
_c24 cm.
505 _aContenido :Principios y ecuaciones fundamentales de la linea de transmisión -- El caso armónico -- El caso armónico, la linea sin perdida, análisis general -- El caso armónico, la linea sin perdida, la linea de transmisión como elemento de circuito y de adaptación de impedancias -- El caso armónico, la linea si perdidas, diagramas ...
650 _aGuías de ondas
_923070
942 _2ddc
_cLIBROS
945 _arum